| 000 | 00391nam a2200157Ia 4500 | ||
|---|---|---|---|
| 008 | 151213s9999 xx 000 0 und d | ||
| 100 | _aWilliam G. Zikmund | ||
| 245 |
_aBusiness research methods _cWilliam G. Zikmund |
||
| 250 | _a7th | ||
| 260 |
_aCanada _bThomson _c2000 |
||
| 300 | _a2418 p. | ||
| 650 | _aBusiness | ||
| 650 | _aBusiness | ||
| 700 | _aWilliam G. Zikmund | ||
| 999 |
_c1688 _d1688 |
||